000 00743pab a2200181 454500
008 180718b2007 xxu||||| |||| 00| 0 eng d
100 _aDas, Surajit
245 _aOn bringing down the fiscal deficit
260 _c2007
300 _ap.1638-640.
362 _a5 May
520 _aThis article argues that undertaking a contractionary policy to cut down various government expenditures with the intention of bringing down the fiscal deficit as a proportion of GDP is fundamentally flawed. And that it is the responsibility of the central government to step up government expenditure. - Reproduced.
650 _aDeficit financing
650 _aPublic finance
773 _aEconomic and Political Weekly
908 _aN
909 _a74013
999 _c74013
_d74013